000 00447nam a22001577a 4500
999 _c117543
_d117543
005 20200609104027.0
008 200609b ||||| |||| 00| 0 eng d
020 _a9783319726335
040 _cPK-LaUMT
082 _a519.52
_bMAR-I
100 _aMartino, Luca
245 _aIndependent random sampling methods /
_cby Luca Martino, David Luengo and Joaquin Miguez
260 _aSwitzerland :
_bSpringer,
_c2018
300 _a280 p.
942 _cBK